00752nam a22002537a 450000500170000001000130001702000220003003500130005203700160006504000120008108200130009310000130010624501230011926000330024227000320027530000260030750000210033365000340035465000370038870000200042570000160044570000200046170000170048120170124110241.0 aA-216153 c00.00a0907408095 aA-216153 bCen Lib/Ret aDPLbEN a635bHAY aHay, Roy aThe dictionary of indoor plants in colour /cby Roy Hay, F.R. McQuown G. [and] K. Beckett ; illustrated by Harry Smith bLondonaPeerage Books c1983 bLondona59 Grosvenor Street a224p.c30cm(Hb)bill. ainlcludes index  aHouse plants -- Dictionaries. aHouse plants -- Pictorial works. aG, F.R. mcQuwn  aBeckeet, K. aCrowson, Ernest aSmith, Harry